[Event "Moscow Stars Blitz"]
[Site "Moscow"]
[Date "2025.06.30"]
[Round "18"]
[White "Artemiev, Vladislav"]
[Black "Karjakin, Sergey"]
[Result "1-0"]
[WhiteElo "2676"]
[BlackElo "2750"]
[PlyCount "143"]
[EventDate "2025.06.29"]
[EventType "tourn (blitz)"]
[EventRounds "18"]
[EventCountry "RUS"]
[EventCategory "15"]
[SourceTitle "CB27_2025"]
[SourceDate "2025.07.02"]
[SourceVersion "1"]
[SourceVersionDate "2025.07.02"]
[SourceQuality "1"]

1. Nf3 d5 2. g3 c6 3. Bg2 Nf6 4. 0-0 Bg4 5. d4 e6 6. Nbd2 Be7 7. Re1 0-0 8. e4 Nbd7 9. c3 a5 10. a4 Bh5 11. Qb3 Qb6 12. Qxb6 Nxb6 13. Ne5 Rfd8 14. h3 Nfd7 15. Nd3 Bg6 16. Nf4 dxe4 17. Nxg6 hxg6 18. Nxe4 Nc4 19. h4 Kf8 20. Ng5 Nd6 21. Bf4 Nb6 22. Nf3 Nd5 23. Bc1 Nc4 24. Bf1 Ndb6 25. Kg2 Rac8 26. Be2 Ra8 27. Rh1 Bf6 28. g4 Nd6 29. Bf4 Nd5 30. Bh2 Be7 31. Bd3 Nf6 32. Ne5 Nd7 33. Nxd7+ Rxd7 34. Bf4 Rc8 35. h5 g5 36. h6 gxh6 37. Be5 f6 38. Bxd6 Bxd6 39. Rxh6 Ke7 40. Re1 Re8 41. Bg6 Rf8 42. Bf5 Kd8 43. Rxe6 Be7 44. Rh7 Rc7 45. Rh6 Rd7 46. Re1 Rc7 47. b3 Ba3 48. Re6 Bb2 49. Rd6+ Ke7 50. Re6+ Kd8 51. c4 Rcf7 52. d5 cxd5 53. Rd6+ Kc7 54. Rxd5 Bc3 55. Be4 Re7 56. Bf3 Bb4 57. Rb5 b6 58. Rf5 Bc3 59. c5 Be5 60. cxb6+ Kb8 61. b7 Rd8 62. Rg6 Ka7 63. Rh6 Red7 64. Rh1 Rd3 65. Rc1 Rb8 66. Rc5 Rxb3 67. Rxa5+ Kb6 68. Ra8 Kc7 69. a5 R8xb7 70. Bxb7 Kxb7 71. Re8 Rb5 72. Re6 1-0

[Event "Moscow Stars Blitz"]
[Site "Moscow"]
[Date "2025.06.30"]
[Round "17"]
[White "Hou, Yifan"]
[Black "Artemiev, Vladislav"]
[Result "0-1"]
[WhiteElo "2633"]
[BlackElo "2676"]
[PlyCount "138"]
[EventDate "2025.06.29"]
[EventType "tourn (blitz)"]
[EventRounds "18"]
[EventCountry "RUS"]
[EventCategory "15"]
[SourceTitle "CB27_2025"]
[SourceDate "2025.07.02"]
[SourceVersion "1"]
[SourceVersionDate "2025.07.02"]
[SourceQuality "1"]

1. e4 c5 2. Nf3 e6 3. d4 cxd4 4. Nxd4 Nc6 5. Nc3 Qc7 6. Be3 a6 7. Be2 b5 8. Nxc6 Qxc6 9. a3 Bb7 10. Bf3 Qc7 11. e5 Ne7 12. Be4 Ng6 13. f4 b4 14. axb4 Bxb4 15. Bxb7 Qxb7 16. 0-0 Bxc3 17. bxc3 0-0 18. c4 Rfc8 19. Qd3 Nh4 20. Rf2 Nf5 21. c5 a5 22. Rd2 Nxe3 23. Qxe3 h6 24. Qd4 Ra7 25. Rd3 Qc6 26. Rc3 a4 27. Raa3 Ra5 28. Rc4 Rxc5 29. Rxc5 Qxc5 30. Qxc5 Rxc5 31. Rxa4 Rxc2 32. Ra8+ Kh7 33. Rd8 Rd2 34. h3 g5 35. fxg5 hxg5 36. Kh2 Kg6 37. Kg3 f6 38. exf6 Kxf6 39. Rf8+ Kg7 40. Rd8 d5 41. Kf3 Kf6 42. g3 Rd4 43. Rf8+ Kg7 44. Re8 Kf7 45. Rd8 Rb4 46. Rc8 Ra4 47. Rd8 Kg7 48. Re8 Kf7 49. Rd8 Rc4 50. Ra8 e5 51. Ra6 Rb4 52. Rd6 Rb3+ 53. Kg4 d4 54. Kf5 Re3 55. g4 d3 56. Kxg5 Rxh3 57. Kf5 Re3 58. g5 Ke7 59. Rd5 e4 60. g6 Re1 61. g7 Kf7 62. Rd7+ Kg8 63. Kf6 Rf1+ 64. Kg6 Rg1+ 65. Kf6 Kh7 66. Kf5 Rxg7 67. Rd4 Re7 68. Kf6 Re8 69. Kf5 e3 0-1

[Event "Moscow Stars Rapid"]
[Site "Moscow"]
[Date "2025.06.28"]
[Round "8"]
[White "Artemiev, Vladislav"]
[Black "Hou, Yifan"]
[Result "1-0"]
[WhiteElo "2676"]
[BlackElo "2633"]
[PlyCount "111"]
[EventDate "2025.06.26"]
[EventType "tourn (rapid)"]
[EventRounds "9"]
[EventCountry "RUS"]
[EventCategory "15"]
[SourceTitle "CB27_2025"]
[SourceDate "2025.07.02"]
[SourceVersion "1"]
[SourceVersionDate "2025.07.02"]
[SourceQuality "1"]

1. d4 d5 2. c4 e6 3. Nc3 a6 4. cxd5 exd5 5. Bf4 Nf6 6. e3 c5 7. Nge2 Nc6 8. g3 Bg4 9. Bg2 cxd4 10. exd4 Bb4 11. Qd3 0-0 12. 0-0 Qd7 13. Be5 Bf5 14. Qf3 Be4 15. Qf4 Nh5 16. Qh4 Bxg2 17. Kxg2 g6 18. Qh3 Qxh3+ 19. Kxh3 Rad8 20. Bc7 Rd7 21. Bb6 Re8 22. Rac1 Nf6 23. Nf4 Ba5 24. Bxa5 Nxa5 25. Na4 Nc4 26. b3 Nd2 27. Rfd1 Nde4 28. Kg2 Rde7 29. Nb6 Rd8 30. Re1 g5 31. Nd3 Re6 32. Na4 Rde8 33. Rc7 b5 34. Nab2 g4 35. Nf4 Rd6 36. Nbd3 Kf8 37. Ne5 Re7 38. Rec1 Rxc7 39. Rxc7 Ng5 40. h4 gxh3+ 41. Nxh3 Ne8 42. Ra7 Nxh3 43. Rxf7+ Kg8 44. Kxh3 Rf6 45. Rxf6 Nxf6 46. f3 Kf8 47. Kh4 h6 48. Ng4 Ng8 49. Kh5 Kg7 50. f4 Kh7 51. f5 Ne7 52. Nxh6 Nc6 53. g4 Nxd4 54. g5 Nf3 55. g6+ Kg7 56. Ng4 1-0

[Event "Moscow Stars Rapid"]
[Site "Moscow"]
[Date "2025.06.26"]
[Round "1"]
[White "Artemiev, Vladislav"]
[Black "Goryachkina, Aleksandra"]
[Result "1-0"]
[WhiteElo "2676"]
[BlackElo "2533"]
[PlyCount "125"]
[EventDate "2025.06.26"]
[EventType "tourn (rapid)"]
[EventRounds "9"]
[EventCountry "RUS"]
[EventCategory "15"]
[SourceTitle "CB27_2025"]
[SourceDate "2025.07.02"]
[SourceVersion "1"]
[SourceVersionDate "2025.07.02"]
[SourceQuality "1"]

1. Nf3 d5 2. g3 g6 3. Bg2 Bg7 4. 0-0 Nf6 5. c4 c6 6. b3 Ne4 7. d4 0-0 8. Bb2 Bf5 9. Nh4 Be6 10. Qc2 Nd6 11. Nd2 a5 12. e4 Nxe4 13. Nxe4 dxe4 14. Bxe4 a4 15. Nf3 Qb6 16. Bc3 Rd8 17. Ng5 Bg4 18. d5 Bxc3 19. Qxc3 h6 20. Nf3 Bxf3 21. Bxf3 axb3 22. axb3 Rxa1 23. Rxa1 c5 24. Qe3 Qd6 25. Ra7 Nd7 26. Rxb7 Ne5 27. Be2 h5 28. Kg2 Rd7 29. Rb5 Rc7 30. Rb8+ Kg7 31. Re8 f6 32. Ra8 Rb7 33. Rc8 Rc7 34. Rb8 Ra7 35. Rc8 Rc7 36. Ra8 Rb7 37. h3 Qb6 38. Bd1 Ra7 39. Re8 Qd6 40. Rc8 Rc7 41. Ra8 Rb7 42. Bc2 Rc7 43. Qc3 Nf7 44. f4 Qb6 45. Ra1 Ra7 46. Re1 Ra2 47. Rxe7 Kf8 48. Re6 Qb4 49. Qd3 Qa3 50. Re2 Qc1 51. Qd1 Qxd1 52. Bxd1 Rxe2+ 53. Bxe2 f5 54. Kf3 Ke7 55. Ke3 Kd6 56. Kd2 Kc7 57. Bd3 Kb6 58. g4 hxg4 59. hxg4 Nd6 60. gxf5 gxf5 61. Kc3 Ka5 62. Bc2 Kb6 63. b4 1-0

[Event "Asia CCCL"]
[Site "Khanty-Mansiysk"]
[Date "2025.06.19"]
[Round "2.2"]
[White "Vetokhin, Savva"]
[Black "Artemiev, Vladislav"]
[Result "1/2-1/2"]
[WhiteElo "2570"]
[BlackElo "2676"]
[PlyCount "76"]
[EventDate "2025.06.18"]
[EventType "team-tourn"]
[EventRounds "7"]
[EventCountry "RUS"]
[SourceTitle "CB27_2025"]
[SourceDate "2025.07.02"]
[SourceVersion "1"]
[SourceVersionDate "2025.07.02"]
[SourceQuality "1"]
[WhiteTeam "Ugra Chess Academy"]
[BlackTeam "KPRF Sport"]
[WhiteTeamCountry "RUS"]
[BlackTeamCountry "RUS"]

1. d4 Nf6 2. c4 e6 3. Nc3 Bb4 4. g3 0-0 5. Bg2 d5 6. Nf3 dxc4 7. 0-0 Nc6 8. a3 Bd6 9. Qa4 e5 10. d5 Nd4 11. Qxc4 Nxf3+ 12. Bxf3 a6 13. Bg2 h6 14. h3 Re8 15. e4 Bd7 16. Be3 Qc8 17. Kh2 c6 18. dxc6 Qxc6 19. Qe2 Bc5 20. Rac1 Bxe3 21. Qxe3 Rac8 22. Rfd1 Qc5 23. Qxc5 Rxc5 24. Rd6 Rc6 25. Rd2 Be6 26. f4 Rcc8 27. Rd6 Bd7 28. Rcd1 Bc6 29. fxe5 Rxe5 30. Rd8+ Rxd8 31. Rxd8+ Kh7 32. Rd4 g6 33. Nd5 Kg7 34. Kg1 Bb5 35. Nc3 Bc6 36. Nd5 Bb5 37. Nc3 Bc6 38. Nd5 Bb5 1/2-1/2

[Event "Karpov Cup 50 Years"]
[Site "Moscow"]
[Date "2025.05.23"]
[Round "7"]
[White "Artemiev, Vladislav"]
[Black "Grischuk, Alexander"]
[Result "1/2-1/2"]
[WhiteElo "2679"]
[BlackElo "2682"]
[PlyCount "114"]
[EventDate "2025.05.21"]
[EventType "tourn (rapid)"]
[EventRounds "9"]
[EventCountry "RUS"]
[EventCategory "18"]
[SourceTitle "CB22_2025"]
[SourceDate "2025.05.28"]
[SourceVersion "1"]
[SourceVersionDate "2025.05.28"]
[SourceQuality "1"]

1. c4 g6 2. d4 Nf6 3. Nf3 Bg7 4. g3 c5 5. Bg2 cxd4 6. Nxd4 d5 7. Nc3 e5 8. Qa4+ Bd7 9. Ndb5 0-0 10. cxd5 a6 11. Qa3 Nc6 12. dxc6 axb5 13. c7 Qxc7 14. Qb4 Qa5 15. Qxa5 Rxa5 16. b4 Raa8 17. 0-0 Bc6 18. Rd1 e4 19. Be3 Ng4 20. Bd4 f5 21. a3 Rfd8 22. Bxg7 Kxg7 23. f3 exf3 24. Bxf3 Ne5 25. Bd5 Rd7 26. e4 fxe4 27. Bxc6 Rxd1+ 28. Rxd1 bxc6 29. Nxe4 Rxa3 30. Ng5 h6 31. Ne6+ Kf6 32. Nc5 Ra2 33. h3 Nf3+ 34. Kf1 Nd2+ 35. Ke1 Nf3+ 36. Kf1 Ke5 37. Nd7+ Kf5 38. Rd6 Nd2+ 39. Kg1 Ne4 40. Rxc6 Nxg3 41. Rc5+ Kf4 42. Rxb5 Ne2+ 43. Kf1 Nd4 44. Ra5 Rd2 45. Ne5 g5 46. Rd5 Ke4 47. Ra5 Rb2 48. Ng4 h5 49. Nf2+ Kf3 50. Ra3+ Nb3 51. Nd3 Rb1+ 52. Ne1+ Ke4 53. Kg2 Nd2 54. Nd3 Nc4 55. Nc5+ Kd5 56. Rd3+ Ke5 57. Rb3 Rxb3 1/2-1/2

[Event "Karpov Cup 50 Years"]
[Site "Moscow"]
[Date "2025.05.22"]
[Round "5"]
[White "Artemiev, Vladislav"]
[Black "Svidler, Peter"]
[Result "1-0"]
[WhiteElo "2679"]
[BlackElo "2698"]
[PlyCount "118"]
[EventDate "2025.05.21"]
[EventType "tourn (rapid)"]
[EventRounds "9"]
[EventCountry "RUS"]
[EventCategory "18"]
[SourceTitle "CB22_2025"]
[SourceDate "2025.05.28"]
[SourceVersion "1"]
[SourceVersionDate "2025.05.28"]
[SourceQuality "1"]

1. Nf3 c5 2. b3 d6 3. c4 e5 4. Bb2 Nc6 5. g3 g6 6. Bg2 Bg7 7. d3 Nge7 8. Nc3 0-0 9. 0-0 h6 10. a3 Be6 11. Nd2 d5 12. cxd5 Nxd5 13. Rc1 Nde7 14. Na4 b6 15. b4 Rb8 16. bxc5 b5 17. Nc3 f5 18. a4 a6 19. axb5 axb5 20. Ra1 Qd7 21. Ra6 e4 22. Qa1 exd3 23. exd3 Qxd3 24. Bxc6 Qxd2 25. Bxb5 Bf7 26. Rd1 Qc2 27. Rb6 Rbd8 28. Rc1 Qd2 29. Rd1 Qc2 30. Rc1 Qd2 31. Rb7 Bd4 32. Rf1 Nd5 33. Nd1 Ra8 34. Qb1 Bxc5 35. Bc1 Qd4 36. Bxh6 Ra1 37. Qc2 Rd8 38. Bc4 Ra7 39. Be3 Rxb7 40. Bxd4 Bxd4 41. Qa2 Kg7 42. Qa5 Bf6 43. Bxd5 Rxd5 44. Qa6 Rb1 45. Ne3 Rxf1+ 46. Kxf1 Rd4 47. Qb6 Re4 48. Qb7 Re7 49. Qc6 Bd4 50. Qd6 Bf6 51. h4 Re6 52. Qf4 Re4 53. Qd6 Re6 54. Qd3 f4 55. gxf4 Bxh4 56. f5 Re5 57. Qd7 Re7 58. Qd6 Re4 59. f3 Re8 1-0

[Event "Karpov Cup 50 Years"]
[Site "Moscow"]
[Date "2025.05.22"]
[Round "6"]
[White "Matlakov, Maxim"]
[Black "Artemiev, Vladislav"]
[Result "1/2-1/2"]
[WhiteElo "2626"]
[BlackElo "2679"]
[PlyCount "43"]
[EventDate "2025.05.21"]
[EventType "tourn (rapid)"]
[EventRounds "9"]
[EventCountry "RUS"]
[EventCategory "18"]
[SourceTitle "CB22_2025"]
[SourceDate "2025.05.28"]
[SourceVersion "1"]
[SourceVersionDate "2025.05.28"]
[SourceQuality "1"]

1. Nf3 d5 2. b3 c5 3. e3 Nf6 4. Bb2 g6 5. Bb5+ Bd7 6. Be2 Bg7 7. c4 0-0 8. 0-0 Nc6 9. cxd5 Nxd5 10. Bxg7 Kxg7 11. Qc1 b6 12. Qb2+ f6 13. d4 cxd4 14. Nxd4 Nxd4 15. Qxd4 Bc6 16. Bf3 e5 17. Qc4 Ne7 18. Bxc6 Rc8 19. Qa4 Nxc6 20. Nc3 Qe7 21. Nd5 Qf7 22. Rad1 1/2-1/2

[Event "Karpov Cup 50 Years"]
[Site "Moscow"]
[Date "2025.05.21"]
[Round "3"]
[White "Artemiev, Vladislav"]
[Black "Niemann, Hans Moke"]
[Result "1-0"]
[WhiteElo "2679"]
[BlackElo "2736"]
[PlyCount "107"]
[EventDate "2025.05.21"]
[EventType "tourn (rapid)"]
[EventRounds "9"]
[EventCountry "RUS"]
[EventCategory "18"]
[SourceTitle "CB22_2025"]
[SourceDate "2025.05.28"]
[SourceVersion "1"]
[SourceVersionDate "2025.05.28"]
[SourceQuality "1"]

1. d4 Nf6 2. Nf3 d5 3. c4 e6 4. Nc3 Bb4 5. Qb3 c5 6. dxc5 Nc6 7. Bg5 dxc4 8. Qxc4 Qa5 9. Rc1 Qxc5 10. Qxc5 Bxc5 11. g3 h6 12. Bxf6 gxf6 13. Bg2 Bd7 14. 0-0 Bb6 15. Nd2 Ke7 16. Nc4 Bc7 17. Nb5 Rhc8 18. Rfd1 Be8 19. Ncd6 Bxd6 20. Nxd6 Rd8 21. Nxb7 Rxd1+ 22. Rxd1 Rb8 23. Bxc6 Bxc6 24. Na5 Bb5 25. Rc1 Rd8 26. Rc2 Rd5 27. Nb3 Rd1+ 28. Kg2 e5 29. Kf3 Re1 30. Ke3 Kd6 31. Rd2+ Kc6 32. h4 f5 33. Rc2+ Kd6 34. Na5 Rb1 35. b3 Kd5 36. Nc4 Rd1 37. Na3 Ba6 38. Rd2+ Rxd2 39. Kxd2 f4 40. Nc2 fxg3 41. fxg3 Ke4 42. Nb4 Bc8 43. Nc6 a6 44. Nd8 f5 45. Nf7 Be6 46. Nxh6 Kd4 47. e3+ Ke4 48. Ke2 a5 49. h5 f4 50. g4 a4 51. Nf5 Bxb3 52. h6 Bg8 53. Ne7 Bc4+ 54. Ke1 1-0

[Event "Chess.com Classic Losers"]
[Site "Chess.com INT"]
[Date "2025.05.20"]
[Round "1.2"]
[White "Lazavik, Denis"]
[Black "Artemiev, Vladislav"]
[Result "1/2-1/2"]
[WhiteElo "2577"]
[BlackElo "2679"]
[PlyCount "100"]
[EventDate "2025.05.20"]
[EventType "k.o. (blitz)"]
[EventRounds "6"]
[EventCountry "USA"]
[SourceTitle "CB21_2025"]
[SourceDate "2025.05.21"]
[SourceVersion "1"]
[SourceVersionDate "2025.05.21"]
[SourceQuality "1"]

1. d4 d5 2. Nf3 Nf6 3. Bf4 c5 4. e3 Nc6 5. Nbd2 Bg4 6. c3 e6 7. Qb3 Qc8 8. h3 Bxf3 9. Nxf3 Be7 10. dxc5 0-0 11. Be2 Bxc5 12. 0-0 h6 13. Rac1 Rd8 14. Rfd1 Bd6 15. Bxd6 Rxd6 16. c4 dxc4 17. Qxc4 Qd7 18. Qc5 Rxd1+ 19. Rxd1 Qe7 20. Qxe7 Nxe7 21. Nd4 Rc8 22. Kf1 Ned5 23. Ke1 Kf8 24. Bf3 Ke7 25. a3 g6 26. g3 Rc5 27. Bg2 Rc8 28. Ke2 Rc5 29. Rd2 Rc1 30. Rc2 Rxc2+ 31. Nxc2 Kd7 32. Kd3 b6 33. Nd4 e5 34. Ne2 Nc7 35. Nc3 Nfe8 36. h4 Nd6 37. b4 Ncb5 38. Nxb5 Nxb5 39. a4 Nd6 40. Bd5 Ke7 41. Kc3 g5 42. hxg5 hxg5 43. Kd3 Kf6 44. Bb3 Kf5 45. Bd5 Kf6 46. g4 Ke7 47. Bb3 Kd7 48. Bd5 Ke7 49. Bb3 Kd7 50. Bd5 Ke7 1/2-1/2

[Event "Chess.com Classic Play In"]
[Site "Chess.com INT"]
[Date "2025.05.19"]
[Round "1"]
[White "Ter Sahakyan, Samvel"]
[Black "Artemiev, Vladislav"]
[Result "0-1"]
[WhiteElo "2611"]
[BlackElo "2679"]
[PlyCount "70"]
[EventDate "2025.05.19"]
[EventType "swiss (blitz)"]
[EventRounds "9"]
[EventCountry "USA"]
[SourceTitle "CB21_2025"]
[SourceDate "2025.05.21"]
[SourceVersion "1"]
[SourceVersionDate "2025.05.21"]
[SourceQuality "1"]

1. d4 Nf6 2. c4 e6 3. Nf3 Bb4+ 4. Bd2 Qe7 5. g3 Bxd2+ 6. Qxd2 Nc6 7. Nc3 d5 8. Bg2 dxc4 9. 0-0 0-0 10. Ne5 Nxe5 11. dxe5 Nd7 12. f4 Rb8 13. Qe3 Qc5 14. Kf2 b5 15. Rfd1 a6 16. Rac1 Qxe3+ 17. Kxe3 Nb6 18. h4 b4 19. Ne4 Bb7 20. Bf3 Bxe4 21. Bxe4 Na4 22. Rc2 c3 23. bxc3 Nxc3 24. Rd7 Rfc8 25. Bc6 Rb6 26. Bf3 a5 27. Rcd2 Kf8 28. Rd8+ Rxd8 29. Rxd8+ Ke7 30. Ra8 Nxa2 31. Rxa5 b3 32. Rc5 b2 33. Be4 Rb3+ 34. Kf2 Nc3 35. Bc2 Kd8 0-1

[Event "RUS-chT 32nd"]
[Site "Sochi"]
[Date "2025.05.03"]
[Round "7.2"]
[White "Artemiev, Vladislav"]
[Black "Korchmar, Vasiliy"]
[Result "1-0"]
[WhiteElo "2679"]
[BlackElo "2414"]
[PlyCount "59"]
[EventDate "2025.04.26"]
[EventType "team-swiss"]
[EventRounds "9"]
[EventCountry "RUS"]
[SourceTitle "CB19_2025"]
[SourceDate "2025.05.07"]
[SourceVersion "1"]
[SourceVersionDate "2025.05.07"]
[SourceQuality "1"]
[WhiteTeam "Moscow KPRF"]
[BlackTeam "Saratov Muromtsev"]
[WhiteTeamCountry "RUS"]
[BlackTeamCountry "RUS"]

1. e4 e5 2. Nf3 Nc6 3. Bb5 a6 4. Ba4 Nf6 5. d3 d6 6. c3 Be7 7. 0-0 0-0 8. Re1 Re8 9. h3 Bf8 10. Bg5 h6 11. Bh4 g5 12. Bg3 Bd7 13. Nbd2 b5 14. Bb3 Ne7 15. Nf1 Ng6 16. Ne3 Bg7 17. h4 g4 18. Nh2 Qc8 19. f3 h5 20. fxg4 hxg4 21. Rf1 c5 22. Nd5 c4 23. Nxf6+ Bxf6 24. Rxf6 cxb3 25. Qd2 Qd8 26. Qg5 bxa2 27. h5 Re6 28. Nxg4 Rxf6 29. Nxf6+ Kg7 30. Bh4 1-0

[Event "Chessable Masters Losers"]
[Site "Chess.com INT"]
[Date "2025.02.19"]
[Round "2.2"]
[White "Artemiev, Vladislav"]
[Black "Nepomniachtchi, Ian"]
[Result "1-0"]
[WhiteElo "2691"]
[BlackElo "2754"]
[PlyCount "137"]
[EventDate "2025.02.18"]
[EventType "k.o. (rapid)"]
[EventRounds "6"]
[EventCountry "USA"]
[SourceTitle "CB09_2025"]
[SourceDate "2025.02.27"]
[SourceVersion "1"]
[SourceVersionDate "2025.02.27"]
[SourceQuality "1"]

1. c4 Nf6 2. Nc3 e5 3. Nf3 Nc6 4. a3 g6 5. g3 Bg7 6. Bg2 0-0 7. 0-0 a5 8. d3 d6 9. b3 Re8 10. Bb2 h6 11. Nd2 Be6 12. Rc1 Qd7 13. Re1 Kh7 14. Nd5 Rab8 15. e3 Ne7 16. Nxf6+ Bxf6 17. d4 Bg7 18. dxe5 dxe5 19. Ne4 Qxd1 20. Rexd1 b6 21. Nc3 Red8 22. a4 f5 23. Nb5 c5 24. Nc7 Bf7 25. Na6 Rxd1+ 26. Rxd1 Re8 27. Nc7 Rf8 28. Rd7 Nc8 29. Bd5 Kg8 30. f4 Bxd5 31. cxd5 Rf7 32. Rd8+ Rf8 33. Rxf8+ Kxf8 34. Ne6+ Kf7 35. Nxg7 Kxg7 36. fxe5 Kf7 37. Kf2 b5 38. axb5 Nb6 39. Ba3 Nxd5 40. e4 fxe4 41. Bxc5 Ke6 42. b6 Kd7 43. e6+ Kc6 44. e7 Nf6 45. Bd4 Ne8 46. Ke3 Nd6 47. Bc5 Ne8 48. Kxe4 Kd7 49. Ke5 Kc6 50. Bd4 Kd7 51. Kd5 Nd6 52. e8Q+ Nxe8 53. Be5 a4 54. bxa4 g5 55. b7 Nf6+ 56. Bxf6 Kc7 57. Bg7 Kxb7 58. Bxh6 g4 59. Bf4 Ka6 60. Ke4 Ka5 61. Kf5 Kxa4 62. Kxg4 Kb5 63. h4 Kc6 64. h5 Kd7 65. h6 Ke8 66. h7 Kf7 67. h8Q Kg6 68. Qe5 Kf7 69. Kf5 1-0

[Event "Chessable Masters Losers"]
[Site "Chess.com INT"]
[Date "2025.02.19"]
[Round "2.1"]
[White "Nepomniachtchi, Ian"]
[Black "Artemiev, Vladislav"]
[Result "1-0"]
[WhiteElo "2754"]
[BlackElo "2691"]
[PlyCount "87"]
[EventDate "2025.02.18"]
[EventType "k.o. (rapid)"]
[EventRounds "6"]
[EventCountry "USA"]
[SourceTitle "CB09_2025"]
[SourceDate "2025.02.27"]
[SourceVersion "1"]
[SourceVersionDate "2025.02.27"]
[SourceQuality "1"]

1. e4 e5 2. Nf3 Nc6 3. Bc4 Bc5 4. c3 Nf6 5. d3 0-0 6. 0-0 d5 7. exd5 Nxd5 8. Re1 Bg4 9. h3 Bh5 10. Nbd2 Nb6 11. b4 Bd6 12. Bb3 Kh8 13. a4 f5 14. a5 Nd7 15. a6 Rb8 16. axb7 e4 17. dxe4 fxe4 18. Nxe4 Nce5 19. Bg5 Bxf3 20. gxf3 Nf6 21. f4 Ng6 22. f5 Ne5 23. f4 Ned7 24. Nxd6 cxd6 25. Qxd6 Rxb7 26. Rad1 Qc8 27. Qd4 h6 28. Bh4 Qc6 29. Re7 Rc7 30. Rd3 Re8 31. Re6 Qb5 32. Rde3 Rf8 33. Qd3 Qxd3 34. Rxd3 Rfc8 35. Ree3 Nb6 36. Be6 Rf8 37. Bf2 Nc4 38. Rf3 Ne4 39. Bd4 a5 40. bxa5 Nb2 41. Rde3 Nd2 42. Rg3 Ndc4 43. Rxg7 Rxg7+ 44. Rg3 1-0

[Event "Chessable Masters Winners"]
[Site "Chess.com INT"]
[Date "2025.02.18"]
[Round "1.4"]
[White "Artemiev, Vladislav"]
[Black "Erigaisi, Arjun Kumar"]
[Result "1/2-1/2"]
[WhiteElo "2691"]
[BlackElo "2801"]
[PlyCount "79"]
[EventDate "2025.02.18"]
[EventType "k.o. (rapid)"]
[EventRounds "5"]
[EventCountry "USA"]
[SourceTitle "CB09_2025"]
[SourceDate "2025.02.27"]
[SourceVersion "1"]
[SourceVersionDate "2025.02.27"]
[SourceQuality "1"]

1. c4 e6 2. g3 d5 3. Bg2 Nf6 4. Nf3 d4 5. d3 Nc6 6. 0-0 Bc5 7. Na3 0-0 8. Nc2 a5 9. b3 e5 10. Bg5 h6 11. Bxf6 Qxf6 12. Nd2 Qe7 13. a3 f5 14. Qb1 Be6 15. Qb2 Kh7 16. Rab1 Ra6 17. b4 axb4 18. Nxb4 Ra4 19. Nc2 Bd7 20. Ra1 Rfa8 21. h4 b6 22. Qb3 R4a5 23. a4 R8a7 24. Rfb1 Nd8 25. Qb2 Bxa4 26. Nb3 Bxb3 27. Qxb3 Nf7 28. Rxa5 Rxa5 29. Ra1 Rxa1+ 30. Nxa1 e4 31. Qd1 Nd6 32. Nb3 Qe5 33. Nd2 Bb4 34. Nf1 c5 35. Qa4 f4 36. dxe4 Nxc4 37. Qd7 Nd6 38. gxf4 Qxf4 39. Ng3 c4 40. Nh5 1/2-1/2

[Event "Tashkent Al Beruniy m-A 2nd"]
[Site "Tashkent"]
[Date "2025.02.18"]
[Round "6.2"]
[White "Artemiev, Vladislav"]
[Black "Vokhidov, Shamsiddin"]
[Result "1-0"]
[WhiteElo "2691"]
[BlackElo "2670"]
[PlyCount "111"]
[EventDate "2025.02.13"]
[EventType "schev"]
[EventRounds "8"]
[EventCountry "UZB"]
[SourceTitle "CB09_2025"]
[SourceDate "2025.02.27"]
[SourceVersion "1"]
[SourceVersionDate "2025.02.27"]
[SourceQuality "1"]
[WhiteTeam "World"]
[BlackTeam "Uzbekistan"]
[BlackTeamCountry "UZB"]

1. e4 c5 2. Nf3 d6 3. Bb5+ Bd7 4. Bxd7+ Qxd7 5. 0-0 Nc6 6. c3 d5 7. exd5 Qxd5 8. d4 e6 9. Qa4 Nf6 10. Be3 Ng4 11. Bf4 cxd4 12. cxd4 Be7 13. Nc3 Qf5 14. d5 exd5 15. Qb3 0-0-0 16. Bg3 d4 17. Nb5 Bc5 18. Rac1 d3 19. h3 d2 20. Nxd2 Nf6 21. Qxf7 Rd7 22. Qc4 Rxd2 23. Qxc5 Qxc5 24. Rxc5 Kd7 25. Bf4 Rxb2 26. Rd1+ Ke6 27. Re1+ Kd7 28. Nxa7 Rxa2 29. Rd1+ Ke7 30. Nxc6+ bxc6 31. Rxc6 Rd8 32. Rxd8 Kxd8 33. Bg5 Kd7 34. Rb6 Kc7 35. Rb3 Ne4 36. Be3 Rc2 37. Rb4 Nf6 38. Ra4 Kd6 39. Bd4 Rc7 40. Bxf6 gxf6 41. Re4 Kd5 42. Re8 Kd6 43. g3 h5 44. Re3 Rc4 45. Kg2 Rb4 46. Kf3 Ra4 47. Re4 Ra2 48. Ke3 Rb2 49. f3 Ra2 50. Kf4 Ra5 51. h4 Ra3 52. g4 hxg4 53. fxg4 Ra5 54. h5 Rg5 55. Re8 Kd7 56. Ra8 1-0

[Event "Chessable Masters Play In"]
[Site "Chess.com INT"]
[Date "2025.02.17"]
[Round "1"]
[White "Artemiev, Vladislav"]
[Black "Alonso Rosell, Alvar"]
[Result "1-0"]
[WhiteElo "2691"]
[BlackElo "2535"]
[PlyCount "83"]
[EventDate "2025.02.17"]
[EventType "swiss (blitz)"]
[EventRounds "9"]
[EventCountry "USA"]
[SourceTitle "CB08_2025"]
[SourceDate "2025.02.19"]
[SourceVersion "1"]
[SourceVersionDate "2025.02.19"]
[SourceQuality "1"]

1. Nf3 Nf6 2. c4 c5 3. g3 Nc6 4. Bg2 d6 5. d4 cxd4 6. Nxd4 Bd7 7. b3 g6 8. Bb2 Bg7 9. Nc2 h5 10. h3 Qc8 11. Nc3 0-0 12. Rc1 Re8 13. Ne3 Qd8 14. Qd2 Bh6 15. Ncd5 Be6 16. Nf4 Qd7 17. h4 Bf5 18. Bxf6 exf6 19. Ned5 Bg7 20. 0-0 Rad8 21. Rcd1 Ne5 22. Rfe1 Bg4 23. Ne3 Be6 24. Qc2 Bh6 25. Ned5 Bxd5 26. Nxd5 Bg7 27. Rd2 Ng4 28. Red1 g5 29. Bh3 gxh4 30. f3 f5 31. fxg4 hxg4 32. Bg2 Re5 33. gxh4 Qe6 34. e3 Qh6 35. Rf2 Qxh4 36. Rxf5 Rde8 37. Rdf1 R8e6 38. Rxf7 Rh6 39. Rxb7 Qh2+ 40. Kf2 Rxd5 41. Rb8+ Kf7 42. Ke1+ 1-0

[Event "Chessable Masters Play In"]
[Site "Chess.com INT"]
[Date "2025.02.17"]
[Round "7"]
[White "Artemiev, Vladislav"]
[Black "Mamedov, Rauf"]
[Result "1/2-1/2"]
[WhiteElo "2691"]
[BlackElo "2656"]
[PlyCount "170"]
[EventDate "2025.02.17"]
[EventType "swiss (blitz)"]
[EventRounds "9"]
[EventCountry "USA"]
[SourceTitle "CB08_2025"]
[SourceDate "2025.02.19"]
[SourceVersion "1"]
[SourceVersionDate "2025.02.19"]
[SourceQuality "1"]

1. c4 e6 2. g3 d5 3. Bg2 Nf6 4. Nf3 Be7 5. d4 0-0 6. b3 c5 7. cxd5 exd5 8. 0-0 Ne4 9. Bb2 Bf6 10. Qc1 cxd4 11. Nxd4 Re8 12. e3 Nc6 13. Nxc6 bxc6 14. Nd2 Ba6 15. Bxf6 Nxf6 16. Re1 Qb6 17. Qc2 c5 18. e4 dxe4 19. Nxe4 Rac8 20. Bh3 Rcd8 21. Nxc5 Bb5 22. Bg2 Qa5 23. Rxe8+ Rxe8 24. Ne4 Nxe4 25. Bxe4 g6 26. h4 Qb4 27. Bf3 Qd4 28. Rd1 Qf6 29. Kg2 Re6 30. Qd2 Re8 31. Qg5 Qb6 32. Qd5 Be2 33. Bxe2 Rxe2 34. Qd8+ Kg7 35. Qxb6 axb6 36. a4 Rb2 37. Rd3 h5 38. Kf3 Kf8 39. Ke3 Ke7 40. f3 Rg2 41. Kf4 Rb2 42. Rc3 Rb1 43. Kg5 Rb2 44. Rc7+ Ke8 45. Rc3 Ke7 46. Re3+ Kf8 47. Kf6 Rc2 48. Ke5 Ke7 49. Kd5+ Kd7 50. Rd3 Rc5+ 51. Ke4+ Ke6 52. Rd4 b5 53. Kd3 bxa4 54. bxa4 Rc1 55. Re4+ Kd5 56. Ke3 Ra1 57. Kf4 f6 58. Rb4 Kc5 59. Rb5+ Kc6 60. Ra5 Kb6 61. Ra8 Kb7 62. Rg8 Rxa4+ 63. Ke3 Ra3+ 64. Kf2 Ra2+ 65. Kg1 Ra1+ 66. Kg2 Ra2+ 67. Kf1 Ra1+ 68. Ke2 Ra2+ 69. Kd3 Ra3+ 70. Ke4 Ra4+ 71. Kd5 Ra3 72. Rg7+ Kc8 73. Rxg6 Rxf3 74. Ke4 Rf1 75. Rh6 Kd7 76. Rxh5 Ke6 77. g4 Kf7 78. Rf5 Re1+ 79. Kf3 Kg7 80. h5 Ra1 81. Kg3 Rg1+ 82. Kf3 Rf1+ 83. Kg3 Rg1+ 84. Kf3 Rf1+ 85. Kg3 Rg1+ 1/2-1/2